000 00426nam a22001577a 4500
020 _a0-7151-4091-8
082 _a823
_bMUR/B
100 _aMURRIE, DIANA
245 _aMY BAPTISM BOOK
_bCHILD'S GUIDE TO BAPTISM
246 _aMY BAPTISM BOOK
_bCHILD'S GUIDE TO BAPTISM
260 _aUK
_bCHURCH HOUSE PUBLISHING
_c2008
300 _a32
520 _aCHILD'S GUIDE TO BAPTISM
650 _aCHILD'S GUIDE TO BAPTISM
942 _cBK
999 _c2482
_d2482